Методические указания по проектированию устройств автоматики, телемеханики и связи на железнодорожном транспорте. Разд. 1: Техническое описание и рекомендации по применению в новом проектировании (Запись № 6852355)

Подробности
000 -МАРКЕР
контрольное поле 02055nam2a22002531 4500
001 - ИДЕНТИФИКАТОР ЗАПИСИ
контрольное поле rc\3609181
005 - ИДЕНТИФИКАТОР ВЕРСИИ
контрольное поле 20250610051059.0
021 ## - НОМЕР ГОСУДАРСТВЕННОЙ РЕГИСТРАЦИИ
Код страны российская федерация
Номер Рг10757-74
021 ## - НОМЕР ГОСУДАРСТВЕННОЙ РЕГИСТРАЦИИ
Код страны российская федерация
Номер 74-71232
035 ## - ДРУГИЕ СИСТЕМНЫЕ НОМЕРА
Идентификатор записи (NLR Aleph) 007711303
100 ## - ДАННЫЕ ОБЩЕЙ ОБРАБОТКИ
Данные общей обработки 20130115d1974 |||y0rusy50 ca
101 0# - ЯЗЫК РЕСУРСА
Язык текста, звукозаписи и т.д. русский
102 ## - СТРАНА ПУБЛИКАЦИИ ИЛИ ПРОИЗВОДСТВА
Страна публикации российская федерация
105 ## - ПОЛЕ КОДИРОВАННЫХ ДАННЫХ: ТЕКСТОВЫЕ МАТЕРИАЛЫ, МОНОГРАФИЧЕСКИЕ
Кодированные данные о монографическом текстовом документе a z |||||
200 1# - ЗАГЛАВИЕ И СВЕДЕНИЯ ОБ ОТВЕТСТВЕННОСТИ
Основное заглавие Техническое описание и рекомендации по применению в новом проектировании
210 ## - ПУБЛИКАЦИЯ, РАСПРОСТРАНЕНИЕ И ДР.
Дата издания, распространения и т.д. 1974
Место издания, распространения и т.д. Б. м.
215 ## - ФИЗИЧЕСКАЯ ХАРАКТЕРИСТИКА
Специфическое обозначение материала и объем 10 с., 6 л. схем.
461 #0 - УРОВЕНЬ НАБОРА
Встроенное поле 001rc\3609180
-- 2001#$aМетодические указания по проектированию устройств автоматики, телемеханики и связи на железнодорожном транспорте$eИ-64-74$eБлок-макеты типов МПСЛ и МПСП для выключения из зависимости стрелок электрической централизации с двухпроводной блочной схемой управления$eРазд. 1-$fМ-во пут. сообщ. СССР. Гос. проектоизыскат. ин-т "Гипротранссигналсвязь"$vРазд. 1
Системный номер (АБИС) связанной записи 6852347
Место публикации Ленинград
Дата публикации 1974
Первые сведения об ответственности М-во пут. сообщ. СССР. Гос. проектоизыскат. ин-т "Гипротранссигналсвязь"
Имя издателя, распространителя и т.д. Б. и.
Сведения, относящиеся к заглавию И-64-74 : Блок-макеты типов МПСЛ и МПСП для выключения из зависимости стрелок электрической централизации с двухпроводной блочной схемой управления : Разд. 1-
Заглавие Методические указания по проектированию устройств автоматики, телемеханики и связи на железнодорожном транспорте
Номер тома Разд. 1
801 #0 - ИСТОЧНИК ЗАПИСИ
Страна российская федерация
Организация NLR
Правила каталогизации psbo
801 #1 - ИСТОЧНИК ЗАПИСИ
Страна российская федерация
Организация ELAR
Источник данных rusmarc
852 ## - МЕСТОНАХОЖДЕНИЕ И ШИФР ХРАНЕНИЯ
Идентификатор организации NLR
Шифр хранения (Call Number) 74-9/36
942 ## - ДОПОЛНИТЕЛЬНЫЕ ЭЛЕМЕНТЫ ЗАПИСИ (АБИС)
Тип экземпляра АБИС Книга
980 ## - КОЛЛЕКЦИЯ
Название коллекции Национальная библиография
Экземпляры
Тип экземпляра Дата поступления Библиотека постоянного хранения Библиотека текущего хранения Место хранения Шифр хранения Штрих-код Статус не для выдачи
Книга 26.10.2013 РНБ (Московский) РНБ (Московский) Русский книжный фонд: издания с 1957 года, 9этаж, Хран. 74-9/36 7711303-10